000 00408nam a2200169Ia 4500
001 20142
003 GE_BSU
008 181216s||||||||xx |||||||||||||| ||und||
040 _cGE_BSU
245 _aLe Point №2316. 26 janvier.2017.
260 _aParis
260 _c2017
300 _a98 p.27cm.ill.
653 _aLe Point.№2316. 26 janvier.2017.
653 _aპერიოდიკა
942 _cCR
999 _c53103
_d53103